Statistiques concernant Oiseaux par Images

Cliquez ici pour prendre le quiz!

Statistiques générales

  • Ce quiz a été pris 438 fois
  • Le résultat moyen est 10 sur 12

Statistiques - réponses

Réponse% Correct
Aigle
99%
Hibou
97%
Paon
97%
manchot
94%
Toucan
93%
Colombe
92%
Moineau
89%
Héron
86%
Flamant rose
85%
Perroquet
85%
Martin-pêcheur
77%
Avocet
27%

Distribution des résultats

Percentile par nombre de réponses

% des personnes avec chaque résultat

Votre développement - résultats

Vous n’avez pas pris ce quiz